00331nam a2200133Ia 4500008004100000020001200041040001600053041001200069082001500081100002000096245002200116260004800138300001100186230917s9999||||xx |||||||||||||| ||und|| cPON9.95 e12536aMAIN aEnglish a301.1 A39S aArgyle, Michael 0aSocial situations aCambridgebCambridge University Pressc1981 a453 p.